[Event "12. Torneo de Promoción Almansa 2017 -B"]
[Site "Almansa ESP"]
[Date "2017.08.02"]
[Round "3.1"]
[White "Martinez Hernandez, Paula"]
[Black "Castillo Garcia, Adrian"]
[Result "1/2-1/2"]
[WhiteElo "1805"]
[BlackElo "1967"]
[PlyCount "64"]
[EventDate "2017.08.01"]
[EventType "swiss"]
[EventRounds "9"]
[EventCountry "ESP"]
[SourceTitle "Ajedrez en Madrid"]
[Source "lmi"]
[SourceDate "2017.08.01"]
[SourceVersion "1"]
[SourceVersionDate "2017.08.11"]
[SourceQuality "1"]

1. e4 c5 2. Nc3 Nc6 3. g3 g6 4. Bg2 Bg7 5. Nge2 Rb8 6. d3 b5 7. Bf4 d6 8. Qd2
e5 9. Bg5 f6 10. Be3 Nge7 11. h4 h5 12. O-O Nd4 13. Nd5 Bg4 14. f3 Be6 15. Nxe7
Qxe7 16. c3 Nxe2+ 17. Qxe2 g5 18. hxg5 fxg5 19. Kf2 Bf6 20. Rh1 b4 21. c4 Kd7
22. Bh3 Rbf8 23. g4 Qf7 24. Rag1 Bd8 25. Kg2 Rh7 26. gxh5 Bxh3+ 27. Rxh3 Rfh8
28. Rgh1 Rxh5 29. Rxh5 Rxh5 30. Rxh5 Qxh5 31. Qd1 Ke6 32. Qh1 Qxh1+ 1/2-1/2

[Event "12. Torneo de Promoción Almansa 2017 -B"]
[Site "Almansa ESP"]
[Date "2017.08.02"]
[Round "3.2"]
[White "Perez Garcia, Jose Miguel"]
[Black "Hernandez Torralba, Sergio"]
[Result "1/2-1/2"]
[WhiteElo "1956"]
[BlackElo "1870"]
[PlyCount "40"]
[EventDate "2017.08.01"]
[EventType "swiss"]
[EventRounds "9"]
[EventCountry "ESP"]
[SourceTitle "Ajedrez en Madrid"]
[Source "lmi"]
[SourceDate "2017.08.01"]
[SourceVersion "1"]
[SourceVersionDate "2017.08.11"]
[SourceQuality "1"]

1. d4 Nf6 2. c4 g6 3. Nc3 d5 4. Nf3 Bg7 5. e3 O-O 6. Be2 c6 7. O-O Qb6 8. Rb1
Bf5 9. Bd3 Bxd3 10. Qxd3 e6 11. b3 Nbd7 12. Bb2 Qa6 13. Rfd1 Nb6 14. c5 Qxd3
15. Rxd3 Nbd7 16. Rdd1 b6 17. b4 a5 18. a3 b5 19. Re1 Rfd8 20. h3 a4 1/2-1/2

[Event "12. Torneo de Promoción Almansa 2017 -B"]
[Site "Almansa ESP"]
[Date "2017.08.02"]
[Round "3.3"]
[White "Perez Garcia, Francisco Jose"]
[Black "Rodriguez Bittar, Karim Javier"]
[Result "0-1"]
[WhiteElo "1781"]
[BlackElo "1948"]
[PlyCount "42"]
[EventDate "2017.08.01"]
[EventType "swiss"]
[EventRounds "9"]
[EventCountry "ESP"]
[SourceTitle "Ajedrez en Madrid"]
[Source "lmi"]
[SourceDate "2017.08.01"]
[SourceVersion "1"]
[SourceVersionDate "2017.08.11"]
[SourceQuality "1"]

1. c4 e5 2. Nc3 Nf6 3. Qc2 Bc5 4. e3 Nc6 5. a3 a5 6. Nf3 d6 7. Be2 Qe7 8. Nd5
Qd8 9. d3 Nxd5 10. cxd5 Ne7 11. e4 O-O 12. Bg5 f6 13. Bh4 c6 14. dxc6 bxc6 15.
Qc4+ Kh8 16. d4 Ba6 17. Qc3 exd4 18. Nxd4 Bxd4 19. Qxd4 Bxe2 20. Kxe2 Re8 21.
Rhe1 Nf5 0-1

[Event "12. Torneo de Promoción Almansa 2017 -B"]
[Site "Almansa ESP"]
[Date "2017.08.02"]
[Round "3.4"]
[White "Jarque Megias, Juan Jose"]
[Black "Perales Paton, Miguel"]
[Result "1-0"]
[WhiteElo "1937"]
[BlackElo "1850"]
[PlyCount "33"]
[EventDate "2017.08.01"]
[EventType "swiss"]
[EventRounds "9"]
[EventCountry "ESP"]
[SourceTitle "Ajedrez en Madrid"]
[Source "lmi"]
[SourceDate "2017.08.01"]
[SourceVersion "1"]
[SourceVersionDate "2017.08.11"]
[SourceQuality "1"]

1. e4 c5 2. Nf3 e6 3. d4 cxd4 4. Nxd4 Nf6 5. Nc3 Nc6 6. Be2 Bb4 7. f3 O-O 8.
Nxc6 bxc6 9. O-O Qc7 10. Bd3 d5 11. Qe2 Bxc3 12. bxc3 dxe4 13. fxe4 e5 14. Bg5
Bg4 15. Qf2 Ne8 16. Qh4 f6 17. Qxg4 1-0

[Event "12. Torneo de Promoción Almansa 2017 -B"]
[Site "Almansa ESP"]
[Date "2017.08.02"]
[Round "3.6"]
[White "Navio Lopez, Manuel"]
[Black "Navarro Molina, Carmelo Jose"]
[Result "1-0"]
[WhiteElo "1667"]
[BlackElo "1928"]
[PlyCount "45"]
[EventDate "2017.08.01"]
[EventType "swiss"]
[EventRounds "9"]
[EventCountry "ESP"]
[SourceTitle "Ajedrez en Madrid"]
[Source "lmi"]
[SourceDate "2017.08.01"]
[SourceVersion "1"]
[SourceVersionDate "2017.08.11"]
[SourceQuality "1"]

1. d4 d5 2. c4 dxc4 3. e3 Nf6 4. Bxc4 e6 5. Nf3 c5 6. O-O a6 7. a4 Nc6 8. Qe2
cxd4 9. Rd1 Be7 10. exd4 O-O 11. Nc3 Re8 12. d5 exd5 13. Nxd5 Nxd5 14. Bxd5 Qb6
15. Ng5 Rf8 16. Be3 Qc7 17. Rac1 h6 18. Nxf7 Rxf7 19. Qh5 Bf6 20. Bb6 Qe7 21.
Re1 Qd7 22. Bxf7+ Qxf7 23. Re8+ 1-0

[Event "12. Torneo de Promoción Almansa 2017 -B"]
[Site "Almansa ESP"]
[Date "2017.08.02"]
[Round "3.7"]
[White "Jimenez Manuel, Juan Jose"]
[Black "Amoros Moran, Jose Joaquin"]
[Result "0-1"]
[WhiteElo "1674"]
[BlackElo "1900"]
[PlyCount "94"]
[EventDate "2017.08.01"]
[EventType "swiss"]
[EventRounds "9"]
[EventCountry "ESP"]
[SourceTitle "Ajedrez en Madrid"]
[Source "lmi"]
[SourceDate "2017.08.01"]
[SourceVersion "1"]
[SourceVersionDate "2017.08.11"]
[SourceQuality "1"]

1. d4 Nf6 2. Bf4 g6 3. e3 Bg7 4. Be2 d6 5. Nf3 b6 6. h3 Bb7 7. O-O O-O 8. Nbd2
Nbd7 9. c3 c5 10. Bh2 Re8 11. a4 e5 12. Nc4 Ne4 13. dxe5 Nxe5 14. Nfxe5 Bxe5
15. Nxe5 dxe5 16. Bf3 c4 17. Qxd8 Raxd8 18. Rfd1 f6 19. Rxd8 Rxd8 20. Rd1 Rd3
21. Be2 Rxd1+ 22. Bxd1 Nc5 23. f3 Bd5 24. e4 Be6 25. Bc2 Bd7 26. f4 exf4 27.
Bxf4 Bxa4 28. Bb1 Kf7 29. Be3 Ke6 30. Bxc5 bxc5 31. Kf2 Ke5 32. g3 Bc6 33. Ke3
h6 34. Bc2 Bd7 35. h4 g5 36. h5 Bg4 37. Ba4 Bxh5 38. Bc6 Bg4 39. Bd5 h5 40.
Bxc4 h4 41. gxh4 gxh4 42. Bf1 h3 43. b3 a5 44. c4 h2 45. Bg2 Bd1 46. Kf2 Bxb3
47. Kg3 a4 0-1

[Event "12. Torneo de Promoción Almansa 2017 -B"]
[Site "Almansa ESP"]
[Date "2017.08.02"]
[Round "3.8"]
[White "Molla Gil, Pablo"]
[Black "Gonzalez Sanchez, Jose"]
[Result "1-0"]
[WhiteElo "1882"]
[BlackElo "1645"]
[PlyCount "104"]
[EventDate "2017.08.01"]
[EventType "swiss"]
[EventRounds "9"]
[EventCountry "ESP"]
[SourceTitle "Ajedrez en Madrid"]
[Source "lmi"]
[SourceDate "2017.08.01"]
[SourceVersion "1"]
[SourceVersionDate "2017.08.11"]
[SourceQuality "1"]

1. e3 d5 2. Nf3 Nf6 3. c4 c6 4. d4 e6 5. Nc3 Nbd7 6. Bd3 dxc4 7. Bxc4 b5 8. Be2
a6 9. a3 Bb7 10. O-O c5 11. dxc5 Bxc5 12. b4 Be7 13. Bb2 O-O 14. Qb3 Qb8 15. h3
Nb6 16. Rfd1 Nbd5 17. Nxd5 Bxd5 18. Qc3 Qb7 19. Qe5 Rfd8 20. Qg5 h6 21. Qg3 Nh5
22. Qh2 Rac8 23. Rac1 Rxc1 24. Rxc1 Rc8 25. Rxc8+ Qxc8 26. Nd4 Nf6 27. Qe5 Bd8
28. Nf3 Qc2 29. Bf1 Bc7 30. Qc3 Qxc3 31. Bxc3 Bxf3 32. gxf3 Nd5 33. Bb2 f6 34.
Bg2 a5 35. e4 Nf4 36. Bf1 axb4 37. axb4 Bb6 38. Bc1 Bc7 39. Bxf4 Bxf4 40. Bxb5
Kf7 41. Bc4 Ke7 42. Kf1 Bd6 43. b5 Bc5 44. Ke2 e5 45. Bd5 Kd6 46. h4 g5 47. h5
Bd4 48. Kf1 Ke7 49. Kg2 Kf8 50. Kg3 Kg7 51. Kg4 Bxf2 52. Kf5 Bd4 1-0

[Event "12. Torneo de Promoción Almansa 2017 -B"]
[Site "Almansa ESP"]
[Date "2017.08.02"]
[Round "3.10"]
[White "Burgos Olmos, Mario"]
[Black "Martinez Soriano, Javier"]
[Result "1-0"]
[WhiteElo "1860"]
[BlackElo "1530"]
[PlyCount "61"]
[EventDate "2017.08.01"]
[EventType "swiss"]
[EventRounds "9"]
[EventCountry "ESP"]
[SourceTitle "Ajedrez en Madrid"]
[Source "lmi"]
[SourceDate "2017.08.01"]
[SourceVersion "1"]
[SourceVersionDate "2017.08.11"]
[SourceQuality "1"]

1. Nf3 c5 2. g3 d5 3. Bg2 Nf6 4. O-O Nc6 5. d3 e5 6. Nbd2 Bd6 7. e4 d4 8. Nc4
Bc7 9. a4 O-O 10. Nh4 Be6 11. b3 Rb8 12. Nf5 Qd7 13. f4 Bxf5 14. exf5 exf4 15.
Bxf4 Bxf4 16. Rxf4 Rfe8 17. g4 Ne5 18. Nd2 Re7 19. g5 Ne8 20. Ne4 f6 21. Nxc5
Qc8 22. Bd5+ Kh8 23. Ne4 fxg5 24. Nxg5 Nf6 25. Be6 Qc7 26. Ne4 Nxd3 27. Rh4 Ne5
28. Ng5 Qc3 29. Nxh7 Nxh7 30. Rxh7+ Kxh7 31. Qh5# 1-0

[Event "12. Torneo de Promoción Almansa 2017 -B"]
[Site "Almansa ESP"]
[Date "2017.08.02"]
[Round "3.11"]
[White "Munoz Candela, Pedro"]
[Black "Fernandez Calzada, Juan A"]
[Result "0-1"]
[WhiteElo "1617"]
[BlackElo "1799"]
[PlyCount "80"]
[EventDate "2017.08.01"]
[EventType "swiss"]
[EventRounds "9"]
[EventCountry "ESP"]
[SourceTitle "Ajedrez en Madrid"]
[Source "lmi"]
[SourceDate "2017.08.01"]
[SourceVersion "1"]
[SourceVersionDate "2017.08.11"]
[SourceQuality "1"]

1. e4 c5 2. Nf3 a6 3. d4 cxd4 4. Nxd4 d6 5. Be3 Nf6 6. f3 e6 7. Bd3 Be7 8. Nc3
Qc7 9. Nce2 Nbd7 10. c3 Ne5 11. h3 Nxd3+ 12. Qxd3 d5 13. Bf4 Bd6 14. Bxd6 Qxd6
15. O-O O-O 16. Kh1 b5 17. Nb3 Qc7 18. Nd2 Bb7 19. Qc2 Rad8 20. Rad1 Rd7 21.
Rfe1 Rfd8 22. Ng1 Nh5 23. Nf1 d4 24. g4 Nf4 25. Qh2 e5 26. h4 d3 27. Rd2 f6 28.
Nh3 Ne6 29. Ng3 g6 30. h5 Kg7 31. h6+ Kg8 32. Qg1 Ba8 33. Red1 Rd6 34. Nf5 R8d7
35. Rg2 Nc5 36. Rgd2 Kh8 37. Ne3 Nxe4 38. fxe4 Bxe4+ 39. Ng2 Bf3 40. Nf2 e4 0-1

[Event "12. Torneo de Promoción Almansa 2017 -B"]
[Site "Almansa ESP"]
[Date "2017.08.02"]
[Round "3.12"]
[White "Medina Cordero, Angel"]
[Black "Lopez Escribano, Andrea"]
[Result "1-0"]
[WhiteElo "1788"]
[BlackElo "1504"]
[PlyCount "47"]
[EventDate "2017.08.01"]
[EventType "swiss"]
[EventRounds "9"]
[EventCountry "ESP"]
[SourceTitle "Ajedrez en Madrid"]
[Source "lmi"]
[SourceDate "2017.08.01"]
[SourceVersion "1"]
[SourceVersionDate "2017.08.11"]
[SourceQuality "1"]

1. e4 e5 2. f4 Nc6 3. Bc4 Bc5 4. Nf3 d6 5. c3 Nf6 6. d3 O-O 7. b4 Bb6 8. a4 a5
9. b5 Ne7 10. fxe5 Ng4 11. exd6 Nf2 12. dxe7 Qxe7 13. Qe2 Nxh1 14. Ba3 Bc5 15.
d4 Bxa3 16. Nxa3 Re8 17. Kd2 Rb8 18. Qe1 Qxe4 19. Bxf7+ Kh8 20. Bxe8 Qxe1+ 21.
Rxe1 Nf2 22. Bc6 h6 23. Re8+ Kh7 24. Bd7 1-0

[Event "12. Torneo de Promoción Almansa 2017 -B"]
[Site "Almansa ESP"]
[Date "2017.08.03"]
[Round "4.1"]
[White "Rodriguez Bittar, Karim Javier"]
[Black "Jarque Megias, Juan Jose"]
[Result "0-1"]
[WhiteElo "1948"]
[BlackElo "1937"]
[PlyCount "60"]
[EventDate "2017.08.01"]
[EventType "swiss"]
[EventRounds "9"]
[EventCountry "ESP"]
[SourceTitle "Ajedrez en Madrid"]
[Source "lmi"]
[SourceDate "2017.08.01"]
[SourceVersion "1"]
[SourceVersionDate "2017.08.11"]
[SourceQuality "1"]

1. d4 d5 2. Nf3 Nf6 3. e3 e6 4. Bd3 Be7 5. O-O O-O 6. b3 Nbd7 7. Bb2 Ne4 8.
Nfd2 f5 9. f4 Ndf6 10. Bxe4 fxe4 11. Ba3 Bd7 12. c4 c6 13. Bxe7 Qxe7 14. Nc3
Rf7 15. h3 Raf8 16. c5 g6 17. Qe1 Ne8 18. b4 Rg7 19. Kh2 Kh8 20. g4 Rfg8 21. g5
h6 22. h4 Rh7 23. Kg3 Ng7 24. Kf2 Rf8 25. Ke2 e5 26. dxe5 Bg4+ 27. Kf2 hxg5 28.
hxg5 Qxe5 29. Kg3 Rh3+ 30. Kxg4 Qf5# 0-1

[Event "12. Torneo de Promoción Almansa 2017 -B"]
[Site "Almansa ESP"]
[Date "2017.08.03"]
[Round "4.2"]
[White "Castillo Garcia, Adrian"]
[Black "Medina Cordero, Angel"]
[Result "1-0"]
[WhiteElo "1967"]
[BlackElo "1788"]
[PlyCount "113"]
[EventDate "2017.08.01"]
[EventType "swiss"]
[EventRounds "9"]
[EventCountry "ESP"]
[SourceTitle "Ajedrez en Madrid"]
[Source "lmi"]
[SourceDate "2017.08.01"]
[SourceVersion "1"]
[SourceVersionDate "2017.08.11"]
[SourceQuality "1"]

1. c4 e6 2. Nc3 f5 3. g3 Nf6 4. Bg2 Be7 5. Nf3 O-O 6. a3 d6 7. b4 Qe8 8. d3 Nc6
9. O-O Qh5 10. d4 Ne4 11. Nb5 Bd8 12. d5 exd5 13. cxd5 Ne7 14. Nd2 a6 15. Nxe4
axb5 16. Nc3 Bd7 17. Qd3 Qe8 18. Bb2 Ng6 19. f4 Bf6 20. Rae1 Rf7 21. Qd2 Re7
22. e4 Qf7 23. exf5 Bxc3 24. Qxc3 Bxf5 25. Rxe7 Qxe7 26. Re1 Qf7 27. h3 Rc8 28.
Qd4 Nf8 29. Kh2 h6 30. Bf1 Bd7 31. Bd3 Nh7 32. Qe4 Nf6 33. Bxf6 gxf6 34. Qd4
Kg7 35. g4 c5 36. dxc6 Rxc6 37. Qe4 Kf8 38. Bxb5 d5 39. Qd4 Rc2+ 40. Re2 Rxe2+
41. Bxe2 Qe7 42. Bd3 Be6 43. a4 Kg7 44. b5 Bf7 45. a5 Qe1 46. a6 bxa6 47. bxa6
h5 48. g5 h4 49. Qxf6+ Kf8 50. Qh8+ Bg8 51. Qh6+ Ke8 52. Bb5+ Kd8 53. Qf8+ Kc7
54. Qc5+ Kd8 55. Qd6+ Kc8 56. Bd7+ Kd8 57. Bc6+ 1-0

[Event "12. Torneo de Promoción Almansa 2017 -B"]
[Site "Almansa ESP"]
[Date "2017.08.03"]
[Round "4.3"]
[White "Fernandez Calzada, Juan A"]
[Black "Perez Garcia, Jose Miguel"]
[Result "0-1"]
[WhiteElo "1799"]
[BlackElo "1956"]
[PlyCount "94"]
[EventDate "2017.08.01"]
[EventType "swiss"]
[EventRounds "9"]
[EventCountry "ESP"]
[SourceTitle "Ajedrez en Madrid"]
[Source "lmi"]
[SourceDate "2017.08.01"]
[SourceVersion "1"]
[SourceVersionDate "2017.08.11"]
[SourceQuality "1"]

1. e4 c5 2. Nc3 e6 3. f4 Nc6 4. Nf3 a6 5. a4 d5 6. e5 Nge7 7. d3 Nf5 8. Ne2 d4
9. Ng3 Be7 10. Nxf5 exf5 11. g3 Be6 12. Bg2 Nb4 13. O-O Nd5 14. Qe2 h6 15. Bd2
g5 16. c4 Nb4 17. Bxb4 cxb4 18. Nd2 Rb8 19. b3 g4 20. Kf2 h5 21. Rh1 h4 22.
Rac1 b6 23. Rhg1 Kf8 24. Ke1 Kg7 25. Qf2 hxg3 26. hxg3 Rh6 27. Rh1 Rxh1+ 28.
Bxh1 Qd7 29. Ke2 Rh8 30. Bg2 f6 31. Re1 Rh2 32. Qg1 Rh6 33. Kd1 fxe5 34. Rxe5
Bf6 35. Re2 Bf7 36. Qe1 b5 37. axb5 axb5 38. Kc2 bxc4 39. Nxc4 Bxc4 40. bxc4
Qa4+ 41. Kc1 Qa3+ 42. Rb2 Rh2 43. Qg1 Qc3+ 44. Kb1 Qxd3+ 45. Ka1 Qa3+ 46. Kb1
d3 47. Ra2 Qb3+ 0-1

[Event "12. Torneo de Promoción Almansa 2017 -B"]
[Site "Almansa ESP"]
[Date "2017.08.03"]
[Round "4.6"]
[White "Gazquez Corral, Alba"]
[Black "Molla Gil, Pablo"]
[Result "0-1"]
[WhiteElo "1760"]
[BlackElo "1882"]
[PlyCount "108"]
[EventDate "2017.08.01"]
[EventType "swiss"]
[EventRounds "9"]
[EventCountry "ESP"]
[SourceTitle "Ajedrez en Madrid"]
[Source "lmi"]
[SourceDate "2017.08.01"]
[SourceVersion "1"]
[SourceVersionDate "2017.08.11"]
[SourceQuality "1"]

1. e4 e5 2. Nf3 Nc6 3. d4 exd4 4. Bc4 Bc5 5. c3 d6 6. cxd4 Bb4+ 7. Bd2 Bxd2+ 8.
Nbxd2 Nf6 9. O-O O-O 10. h3 d5 11. exd5 Nxd5 12. Ne4 Nb6 13. Bb3 Bf5 14. Re1
Bg6 15. Qd2 Bh5 16. g4 Bg6 17. Rad1 Re8 18. Ng3 Qf6 19. Kg2 Rad8 20. g5 Qd6 21.
d5 Rxe1 22. Qxe1 Ne7 23. Ne4 Bxe4 24. Qxe4 Nbxd5 25. Ne5 c6 26. Ng4 Qc7 27. Ne3
Nxe3+ 28. Qxe3 Rxd1 29. Bxd1 b6 30. Bb3 g6 31. Qd4 Nf5 32. Qf6 c5 33. Bc2 Qb7+
34. f3 Qd5 35. Bxf5 Qxf5 36. Qd8+ Kg7 37. Qd2 f6 38. h4 fxg5 39. hxg5 Kf7 40.
Kg3 Ke6 41. f4 Qd5 42. Qc3 Qd4 43. Qc2 c4 44. Qe2+ Kd5 45. Kg4 Qe4 46. Qd2+ Qd3
47. Qh2 Qd1+ 48. Kg3 Qe1+ 49. Kg4 Ke4 50. Qg2+ Kd4 51. Qb7 Ke3 52. Qf3+ Kd4 53.
f5 gxf5+ 54. Kxf5 Qe5+ 0-1

[Event "12. Torneo de Promoción Almansa 2017 -B"]
[Site "Almansa ESP"]
[Date "2017.08.03"]
[Round "4.7"]
[White "Hernandez Torralba, Sergio"]
[Black "Navio Lopez, Manuel"]
[Result "1-0"]
[WhiteElo "1870"]
[BlackElo "1667"]
[PlyCount "91"]
[EventDate "2017.08.01"]
[EventType "swiss"]
[EventRounds "9"]
[EventCountry "ESP"]
[SourceTitle "Ajedrez en Madrid"]
[Source "lmi"]
[SourceDate "2017.08.01"]
[SourceVersion "1"]
[SourceVersionDate "2017.08.11"]
[SourceQuality "1"]

1. e4 e6 2. d4 d5 3. Nd2 Nf6 4. e5 Nfd7 5. f4 c5 6. c3 Nc6 7. Ndf3 Qb6 8. g3
Be7 9. Bh3 O-O 10. Ne2 Kh8 11. O-O cxd4 12. cxd4 f6 13. Kh1 f5 14. g4 Ndb8 15.
gxf5 exf5 16. b3 Be6 17. Ng5 Nd8 18. Qd3 Qa6 19. Qf3 g6 20. Nxe6 Nxe6 21. Qxd5
Rd8 22. Qg2 Qd3 23. Qxb7 Qxh3 24. Rf3 Qh4 25. Qxa8 Qe1+ 26. Ng1 Nxd4 27. Bb2
Qb4 28. Bxd4 Qxd4 29. Rff1 Na6 30. Qb7 Qe4+ 31. Qxe4 fxe4 32. Rfe1 Rd4 33. Rad1
Rxd1 34. Rxd1 e3 35. Rd7 Bc5 36. Kg2 Nb4 37. a3 Nc2 38. b4 Bb6 39. Kf3 Ne1+ 40.
Ke4 Nc2 41. Rd3 Kg7 42. Ne2 Ne1 43. Rd7+ Kg8 44. a4 Nc2 45. a5 Nd4 46. Rxd4 1-0

[Event "12. Torneo de Promoción Almansa 2017 -B"]
[Site "Almansa ESP"]
[Date "2017.08.03"]
[Round "4.8"]
[White "Pujante Martinez, Rafael"]
[Black "Burgos Olmos, Mario"]
[Result "0-1"]
[WhiteElo "1707"]
[BlackElo "1860"]
[PlyCount "54"]
[EventDate "2017.08.01"]
[EventType "swiss"]
[EventRounds "9"]
[EventCountry "ESP"]
[SourceTitle "Ajedrez en Madrid"]
[Source "lmi"]
[SourceDate "2017.08.01"]
[SourceVersion "1"]
[SourceVersionDate "2017.08.11"]
[SourceQuality "1"]

1. e4 c5 2. c3 d6 3. d4 cxd4 4. cxd4 g6 5. Nc3 Bg7 6. Be3 Nf6 7. f3 O-O 8. Qd2
Nc6 9. Be2 Qa5 10. h4 h5 11. Nh3 e5 12. d5 Nd4 13. Bxd4 exd4 14. Nb5 Qb6 15.
Na3 Qd8 16. Rc1 a6 17. Bd3 Re8 18. Kf2 Nd7 19. Ng1 Ne5 20. Nc4 Bh6 21. Qxh6
Nxd3+ 22. Kf1 Nxc1 23. Qxc1 b5 24. Na3 Bd7 25. Qd2 Qf6 26. b3 Rxe4 27. Qf2 Re7
0-1

[Event "12. Torneo de Promoción Almansa 2017 -B"]
[Site "Almansa ESP"]
[Date "2017.08.03"]
[Round "4.9"]
[White "Cabrera Valverde, Jose David"]
[Black "Sanchez Serrano, Emilio"]
[Result "1/2-1/2"]
[WhiteElo "1704"]
[BlackElo "1928"]
[PlyCount "56"]
[EventDate "2017.08.01"]
[EventType "swiss"]
[EventRounds "9"]
[EventCountry "ESP"]
[SourceTitle "Ajedrez en Madrid"]
[Source "lmi"]
[SourceDate "2017.08.01"]
[SourceVersion "1"]
[SourceVersionDate "2017.08.11"]
[SourceQuality "1"]

1. e4 e6 2. d4 d5 3. e5 c5 4. c3 Qb6 5. Nf3 Nc6 6. Bd3 cxd4 7. cxd4 Bd7 8. Bc2
Nge7 9. Nc3 Rc8 10. a3 Na5 11. O-O Nec6 12. Ne2 Be7 13. b3 O-O 14. Qd3 g6 15.
Bh6 Rfe8 16. Ng3 Bf8 17. Bxf8 Kxf8 18. Rfd1 Ne7 19. Ng5 Ng8 20. Qf3 Re7 21.
Nxh7+ Kg7 22. Nf6 Rxc2 23. Ngh5+ Kf8 24. Nxg8 gxh5 25. Nxe7 Kxe7 26. Qf6+ Ke8
27. Qh8+ Ke7 28. Qf6+ Ke8 1/2-1/2

[Event "12. Torneo de Promoción Almansa 2017 -B"]
[Site "Almansa ESP"]
[Date "2017.08.03"]
[Round "4.10"]
[White "Leone, Clarissa"]
[Black "Lagunas Gualda, Guillermo"]
[Result "1-0"]
[WhiteElo "1669"]
[BlackElo "1874"]
[PlyCount "53"]
[EventDate "2017.08.01"]
[EventType "swiss"]
[EventRounds "9"]
[EventCountry "ESP"]
[SourceTitle "Ajedrez en Madrid"]
[Source "lmi"]
[SourceDate "2017.08.01"]
[SourceVersion "1"]
[SourceVersionDate "2017.08.11"]
[SourceQuality "1"]

1. d4 Nf6 2. c4 g6 3. Nc3 Bg7 4. Bf4 O-O 5. Nf3 d6 6. e3 Nh5 7. Bg3 Nxg3 8.
hxg3 e5 9. d5 a5 10. e4 Na6 11. Be2 Nc5 12. Qc2 f5 13. Bd3 Nxd3+ 14. Qxd3 h6
15. O-O-O Qf6 16. Qd2 g5 17. Rh2 Qg6 18. Rdh1 fxe4 19. Ne1 Rf7 20. Nc2 Bd7 21.
Ne3 a4 22. a3 Rb8 23. g4 c6 24. Kb1 cxd5 25. Ncxd5 b5 26. Qb4 Rxf2 27. Ne7+ 1-0

[Event "12. Torneo de Promoción Almansa 2017 -B"]
[Site "Almansa ESP"]
[Date "2017.08.03"]
[Round "4.11"]
[White "Castelli, Facundo"]
[Black "Losa Ordonez, Juan Jose"]
[Result "0-1"]
[WhiteElo "1867"]
[BlackElo "1749"]
[PlyCount "74"]
[EventDate "2017.08.01"]
[EventType "swiss"]
[EventRounds "9"]
[EventCountry "ESP"]
[SourceTitle "Ajedrez en Madrid"]
[Source "lmi"]
[SourceDate "2017.08.01"]
[SourceVersion "1"]
[SourceVersionDate "2017.08.11"]
[SourceQuality "1"]

1. e4 e6 2. d4 d5 3. exd5 exd5 4. Nf3 Bd6 5. Nc3 c6 6. Be2 Bg4 7. O-O Ne7 8.
Re1 Nd7 9. h3 Bh5 10. Ng5 Bg6 11. Bh5 O-O 12. Bxg6 Nxg6 13. Qh5 Nf6 14. Qd1 Qd7
15. Be3 Rae8 16. Qd3 h6 17. Nf3 Ne4 18. Nh2 f5 19. Nxe4 dxe4 20. Qb3+ Kh8 21.
Rad1 f4 22. Bc1 f3 23. g4 h5 24. Kh1 Qd8 25. Qc4 Qh4 26. Qf1 Bf4 27. Be3 Ne7
28. c4 Bxh2 29. Kxh2 hxg4 30. d5 Rf5 31. d6 Ng6 32. d7 Rd8 33. Rd6 Ne5 34. Bxa7
Rh5 35. Bb6 g3+ 36. fxg3 Ng4+ 37. Kh1 Qxg3 0-1

[Event "12. Torneo de Promoción Almansa 2017 -B"]
[Site "Almansa ESP"]
[Date "2017.08.03"]
[Round "5.1"]
[White "Jarque Megias, Juan Jose"]
[Black "Castillo Garcia, Adrian"]
[Result "1-0"]
[WhiteElo "1937"]
[BlackElo "1967"]
[PlyCount "99"]
[EventDate "2017.08.01"]
[EventType "swiss"]
[EventRounds "9"]
[EventCountry "ESP"]
[SourceTitle "Ajedrez en Madrid"]
[Source "lmi"]
[SourceDate "2017.08.01"]
[SourceVersion "1"]
[SourceVersionDate "2017.08.11"]
[SourceQuality "1"]

1. e4 e5 2. Nf3 d6 3. d4 Nd7 4. Nc3 Ngf6 5. Bc4 Be7 6. h3 c6 7. a4 O-O 8. Ba2
exd4 9. Qxd4 Nc5 10. O-O Be6 11. b4 Ncd7 12. Bxe6 fxe6 13. Ng5 Qb6 14. Nxe6
Qxd4 15. Nxd4 d5 16. exd5 Bxb4 17. Na2 Nxd5 18. Rb1 a5 19. Bb2 N7b6 20. Ba1
Nxa4 21. c4 Ndc3 22. Nxc3 Nxc3 23. Rb3 Ne4 24. Ne6 Rf7 25. Re3 Nc5 26. Ng5 Rf5
27. Nf3 Raf8 28. Rd1 a4 29. Bb2 Nb3 30. Red3 b5 31. cxb5 cxb5 32. Rd7 R8f7 33.
Rd8+ Bf8 34. Ra8 h6 35. Rdd8 Kh7 36. Ne5 R7f6 37. Nd7 Be7 38. Nxf6+ Bxf6 39.
Bxf6 Rxf6 40. Rd5 Rb6 41. Ra7 Nc1 42. Rdd7 Kg6 43. Rxg7+ Kf5 44. Rge7 Nd3 45.
Re3 Ne5 46. Re7 Ng6 47. Rf7+ Kg5 48. f4+ Kh4 49. Kh2 Nh8 50. Rf5 1-0

[Event "12. Torneo de Promoción Almansa 2017 -B"]
[Site "Almansa ESP"]
[Date "2017.08.03"]
[Round "5.3"]
[White "Molla Gil, Pablo"]
[Black "Hernandez Torralba, Sergio"]
[Result "1/2-1/2"]
[WhiteElo "1882"]
[BlackElo "1870"]
[PlyCount "109"]
[EventDate "2017.08.01"]
[EventType "swiss"]
[EventRounds "9"]
[EventCountry "ESP"]
[SourceTitle "Ajedrez en Madrid"]
[Source "lmi"]
[SourceDate "2017.08.01"]
[SourceVersion "1"]
[SourceVersionDate "2017.08.11"]
[SourceQuality "1"]

1. d4 Nf6 2. Nf3 g6 3. c4 Bg7 4. Nc3 O-O 5. e4 d6 6. Bg5 h6 7. Bh4 Nc6 8. d5
Nb8 9. Bd3 e5 10. O-O a5 11. a3 g5 12. Bg3 Nh5 13. Nd2 Nf4 14. Bc2 Na6 15. f3
h5 16. Bf2 g4 17. b4 axb4 18. axb4 Qg5 19. b5 gxf3 20. g3 Ne2+ 21. Nxe2 fxe2
22. Qxe2 Bg4 23. Qe3 Qxe3 24. Bxe3 Nb4 25. Rxa8 Rxa8 26. Bd1 Bh3 27. Bxh5 Bxf1
28. Kxf1 Ra1+ 29. Ke2 Nc2 30. Bf2 Bh6 31. b6 cxb6 32. Bxb6 Na3 33. Be3 Bxe3 34.
Kxe3 Nc2+ 35. Kd3 Nd4 36. Ke3 Ra3+ 37. Kf2 Rc3 38. Bd1 Nc2 39. Be2 Nd4 40. Bd1
Nc2 41. Be2 Na3 42. Ke1 Rc1+ 43. Kf2 Nb1 44. Nxb1 Rxb1 45. h3 Rb3 46. Kg2 Kg7
47. Kf2 b6 48. Kg2 Kf6 49. Kf2 Kg5 50. Kg2 Re3 51. Bf3 Rd3 52. Be2 Rd2 53. Kf3
Rc2 54. Ke3 Rc3+ 55. Kf2 1/2-1/2